[Event "4NCL/Div2/BCCA-IKHH2"]
[Site "Rd6-Birmingham"]
[Date "2000.01.23"]
[Round "6.8"]
[White "Howell, Susan"]
[Black "Khoo, Teresa"]
[Result "1-0"]
[WhiteElo "1728"]
[BlackElo "1456"]
[PlyCount "115"]
[EventDate "2000.01.23"]
[Source "Britbase"]
[SourceDate "2000.01.01"]

1. d4 Nf6 2. c4 e6 3. Nc3 Bb4 4. Qc2 b6 5. e4 Bb7 6. Bd3 Bxc3+ 7. bxc3 d6 8.
Ne2 Nbd7 9. O-O O-O 10. f4 e5 11. Ng3 Re8 12. Bd2 Ng4 13. h3 Ngf6 14. Rae1 c5
15. fxe5 dxe5 16. d5 Bc8 17. Nf5 Nf8 18. Bg5 Bxf5 19. Rxf5 N8d7 20. Qf2 Qc7 21.
Qg3 Kh8 22. Ref1 Qd6 23. Qh4 Rg8 24. Bc2 a6 25. Ba4 b5 26. cxb5 axb5 27. Bxb5
Rxa2 28. Bxd7 Nxd7 29. Rxf7 c4 30. R7f2 Rxf2 31. Rxf2 Qg6 32. Be7 h6 33. Rf5
Qb6+ 34. Qf2 Qb3 35. Qe1 Qb6+ 36. Kh2 Qg6 37. Qf1 Qa6 38. Rf7 Qb5 39. Qf3 Nc5
40. Rf8 Nd7 41. Rxg8+ Kxg8 42. Qf5 Qb7 43. Bd6 Nf6 44. Bxe5 Qb1 45. Bxf6 gxf6
46. Qg6+ Kh8 47. Qxh6+ Kg8 48. Qg6+ Kf8 49. Qxf6+ Ke8 50. Qc6+ Kf8 51. Qxc4
Qb8+ 52. Kg1 Qb6+ 53. Qd4 Qb1+ 54. Kh2 Qb8+ 55. e5 Qe8 56. e6 Qg6 57. Qf4+ Ke7
58. Qf7+ 1-0

[Event "4NCL/Div2/BIG2-GD"]
[Site "Rd6-Birmingham"]
[Date "2000.01.23"]
[Round "6.1"]
[White "Mason, Don"]
[Black "Varley, Peter"]
[Result "1/2-1/2"]
[WhiteElo "2279"]
[BlackElo "2240"]
[PlyCount "31"]
[EventDate "2000.01.23"]
[Source "Britbase"]
[SourceDate "2000.01.01"]

1. c4 Nf6 2. g3 c6 3. b3 g6 4. Bb2 Bg7 5. Bg2 d5 6. cxd5 cxd5 7. Nf3 Nc6 8. O-O
O-O 9. d3 b6 10. Nbd2 Bb7 11. Re1 Rc8 12. a3 e6 13. b4 Nd7 14. Bxg7 Kxg7 15. d4
a5 16. b5 1/2-1/2

[Event "4NCL/Div2/BIG2-GD"]
[Site "Rd6-Birmingham"]
[Date "2000.01.23"]
[Round "6.2"]
[White "Powell, J Lloyd"]
[Black "Naylor, John"]
[Result "1-0"]
[WhiteElo "2152"]
[BlackElo "2253"]
[PlyCount "65"]
[EventDate "2000.01.23"]
[Source "Britbase"]
[SourceDate "2000.01.01"]

1. d4 Nf6 2. c4 g6 3. Nc3 Bg7 4. e4 d6 5. Be2 O-O 6. Nf3 e5 7. O-O Nc6 8. d5
Ne7 9. Nd2 Nd7 10. b4 f5 11. f3 a5 12. bxa5 Rxa5 13. Nb3 Ra8 14. a4 Kh8 15. a5
Ng8 16. Qc2 Bh6 17. Nb5 Ndf6 18. c5 Rf7 19. Bd2 Nh5 20. Rfc1 fxe4 21. fxe4 Bxd2
22. Nxd2 Nf4 23. Bf1 Qg5 24. Nc4 Bh3 25. Kh1 Bd7 26. Nxc7 Nh3 27. gxh3 Raf8 28.
Ne6 Bxe6 29. dxe6 Rf2 30. Qd3 Rxh2+ 31. Kxh2 Rf2+ 32. Kh1 Qf4 33. Bg2 1-0

[Event "4NCL/Div2/BIG2-GD"]
[Site "Rd6-Birmingham"]
[Date "2000.01.23"]
[Round "6.3"]
[White "Barnes, Michael"]
[Black "Borg, Andy"]
[Result "1-0"]
[WhiteElo "2245"]
[BlackElo "2136"]
[PlyCount "85"]
[EventDate "2000.01.23"]
[Source "Britbase"]
[SourceDate "2000.01.01"]

1. e4 c5 2. Nf3 g6 3. d4 Bg7 4. d5 b5 5. c3 a6 6. a4 bxa4 7. Qxa4 Nf6 8. Be3
Qc7 9. Na3 Bb7 10. Be2 O-O 11. O-O d6 12. Nd2 Nbd7 13. Nac4 e6 14. Bf4 e5 15.
Bg5 h6 16. Bh4 Rfb8 17. f3 Nh5 18. Rfb1 Bf8 19. Na5 f5 20. Nxb7 Rxb7 21. exf5
Nf4 22. Bf1 Nb6 23. Qc2 Nfxd5 24. Bf2 Rba7 25. fxg6 Kg7 26. Ne4 Nf4 27. Ng3
Nbd5 28. Bc4 Ne7 29. Bf7 Nexg6 30. Bxg6 Nxg6 31. Nh5+ Kh7 32. Ra4 Be7 33. Rg4
Rg8 34. Qf5 Bd8 35. Rd1 Qe7 36. b4 Rc7 37. bxc5 Qd7 38. Qxd7+ Rxd7 39. c6 Rc7
40. Rxd6 Be7 41. Re6 Bd8 42. Bb6 Re7 43. Nf6+ 1-0

[Event "4NCL/Div2/BIG2-GD"]
[Site "Rd6-Birmingham"]
[Date "2000.01.23"]
[Round "6.4"]
[White "Walden-Jones, Andrew"]
[Black "Lo, Billy"]
[Result "1-0"]
[WhiteElo "2135"]
[BlackElo "2260"]
[PlyCount "91"]
[EventDate "2000.01.23"]
[Source "Britbase"]
[SourceDate "2000.01.01"]

1. e4 c5 2. Nf3 d6 3. d4 cxd4 4. Nxd4 Nf6 5. Nc3 g6 6. Be2 Bg7 7. O-O O-O 8.
Be3 Nc6 9. h3 a6 10. Qd2 Nxd4 11. Bxd4 Be6 12. f4 Rc8 13. f5 Bc4 14. Bd3 b5 15.
Ne2 Qc7 16. g4 Rfd8 17. Qe3 Nd7 18. c3 Bxd3 19. Qxd3 Ne5 20. Qc2 d5 21. exd5
Rxd5 22. Qe4 Qc6 23. Nf4 Rd7 24. Rae1 Qxe4 25. Rxe4 Nc4 26. Rf2 Bxd4 27. cxd4
Nd6 28. Re5 Rc1+ 29. Kh2 Nc4 30. Rd5 Rc7 31. Nd3 Rd1 32. Nc5 Nb6 33. Rd8+ Kg7
34. Nxa6 Ra7 35. Nb4 Ra4 36. a3 Nc4 37. Rd7 Nd6 38. Rxe7 Rxd4 39. fxg6 hxg6 40.
Nc6 Rf4 41. Rfe2 Kf6 42. Nb4 Kg5 43. Kg2 Kh4 44. Nd3 Rfc4 45. Ne5 Rc8 46. Nf3#
1-0

[Event "4NCL/Div2/BIG2-GD"]
[Site "Rd6-Birmingham"]
[Date "2000.01.23"]
[Round "6.5"]
[White "Evans, Raymond"]
[Black "Adams, Mark"]
[Result "1/2-1/2"]
[WhiteElo "2176"]
[BlackElo "2034"]
[PlyCount "40"]
[EventDate "2000.01.23"]
[Source "Britbase"]
[SourceDate "2000.01.01"]

1. e4 c5 2. Nf3 d6 3. d4 cxd4 4. Nxd4 Nf6 5. Nc3 a6 6. Bg5 e6 7. f4 Be7 8. Qf3
Qa5 9. O-O-O Bd7 10. Bd3 Nc6 11. Nb3 Qc7 12. Rhe1 h6 13. Bh4 Nxe4 14. Rxe4 Bxh4
15. Qh5 Be7 16. f5 O-O-O 17. Qxf7 Rdf8 18. Qxg7 Rhg8 19. Qh7 Rh8 20. Qg7 Rhg8
1/2-1/2

[Event "4NCL/Div2/BIG2-GD"]
[Site "Rd6-Birmingham"]
[Date "2000.01.23"]
[Round "6.6"]
[White "Miles, Richard"]
[Black "Thomas, Nick"]
[Result "1/2-1/2"]
[WhiteElo "2084"]
[BlackElo "2215"]
[PlyCount "44"]
[EventDate "2000.01.23"]
[Source "Britbase"]
[SourceDate "2000.01.01"]

1. c4 e5 2. g3 Nc6 3. Bg2 g6 4. Nc3 Bg7 5. Rb1 d6 6. b4 f5 7. b5 Nd4 8. d3 Nf6
9. e3 Ne6 10. f4 exf4 11. exf4 Ng4 12. Nce2 O-O 13. h3 Nf6 14. Nf3 a6 15. a4
axb5 16. axb5 Nc5 17. O-O Re8 18. Kh2 Ra2 19. Nfd4 Nh5 20. Nc2 Bd7 21. Bf3 c6
22. Nb4 Qa8 1/2-1/2

[Event "4NCL/Div2/BIG2-GD"]
[Site "Rd6-Birmingham"]
[Date "2000.01.23"]
[Round "6.7"]
[White "Grinsell, Lee"]
[Black "Blackburn, Jonathan"]
[Result "1/2-1/2"]
[WhiteElo "2195"]
[BlackElo "1896"]
[PlyCount "66"]
[EventDate "2000.01.23"]
[Source "Britbase"]
[SourceDate "2000.01.01"]

1. e4 e6 2. d4 d5 3. Nc3 Bb4 4. e5 c5 5. a3 Bxc3+ 6. bxc3 Ne7 7. Nf3 Qa5 8. Bd2
Qc7 9. a4 b6 10. Bd3 Nbc6 11. Bb5 Bd7 12. O-O Na5 13. Bd3 h6 14. h3 O-O-O 15.
Re1 Bc6 16. Bc1 Bb7 17. Ba3 g5 18. Nh2 h5 19. Be2 h4 20. Ng4 Kb8 21. Bd3 Ka8
22. Qf3 Nc8 23. Qe3 c4 24. Be2 Rdg8 25. Rf1 Nc6 26. Nf6 Rg7 27. Bg4 N6e7 28. f4
gxf4 29. Qxf4 Ng6 30. Qe3 Bc6 31. Bc1 Nce7 32. Ba3 Nc8 33. Bc1 Nce7 1/2-1/2

[Event "4NCL/Div2/BIG2-GD"]
[Site "Rd6-Birmingham"]
[Date "2000.01.23"]
[Round "6.8"]
[White "Blackburn, Suzie"]
[Black "Bhatia, Kanwal"]
[Result "0-1"]
[WhiteElo "1496"]
[BlackElo "2025"]
[PlyCount "108"]
[EventDate "2000.01.23"]
[Source "Britbase"]
[SourceDate "2000.01.01"]

1. d4 Nf6 2. Nf3 c5 3. c3 b6 4. Bg5 e6 5. e3 Be7 6. Bd3 d5 7. Nbd2 Bb7 8. O-O
O-O 9. Ne5 Nbd7 10. f4 g6 11. Rf3 Ne8 12. Bh6 Ng7 13. Rh3 Nxe5 14. fxe5 Bg5 15.
Bxg5 Qxg5 16. Rg3 Qe7 17. Qe2 Kh8 18. Rf1 Nf5 19. Rh3 Qg5 20. e4 dxe4 21. Bxe4
Bd5 22. Bxd5 exd5 23. Nf3 Qe7 24. Qf2 Ng7 25. Nh4 Ne6 26. Qf6+ Qxf6 27. Rxf6
Ng5 28. Rd3 Ne4 29. Rc6 c4 30. Re3 Rac8 31. Rxc8 Rxc8 32. Nf3 Kg7 33. Kf1 Re8
34. g3 a6 35. Kg2 b5 36. a3 a5 37. Re2 Rb8 38. Nd2 Nxd2 39. Rxd2 b4 40. axb4
axb4 41. cxb4 Rxb4 42. Kf2 Rb3 43. Ke2 Kf8 44. Kf2 Ke7 45. Kg2 Ke6 46. Rf2 Rd3
47. Rf4 Rd2+ 48. Kh3 Ke7 49. Rf6 Rxd4 50. Rb6 Re4 51. b4 c3 52. Rc6 Rc4 53. b5
Rxc6 54. bxc6 c2 0-1

[Event "4NCL/Div2/BR2-SCS"]
[Site "Rd6-Birmingham"]
[Date "2000.01.23"]
[Round "6.1"]
[White "Rudd, Jack"]
[Black "Greet, Andrew"]
[Result "0-1"]
[WhiteElo "2209"]
[BlackElo "2238"]
[PlyCount "80"]
[EventDate "2000.01.23"]
[Source "Britbase"]
[SourceDate "2000.01.01"]

1. e4 c5 2. Nc3 Nc6 3. f4 g6 4. Nf3 Bg7 5. Bc4 e6 6. O-O Nge7 7. d3 O-O 8. a3
d5 9. Ba2 b6 10. Qe1 Nd4 11. Nxd4 cxd4 12. Ne2 dxe4 13. dxe4 Ba6 14. Rf3 Rc8
15. Ng3 Rxc2 16. Bb3 Rc5 17. Bd2 d3 18. e5 Nc6 19. Rf2 Nd4 20. Bd1 Nc2 21. Bxc2
Rxc2 22. Bc3 Rxf2 23. Qxf2 Qd5 24. Re1 Rd8 25. Ne4 Kh8 26. Ng5 Rd7 27. Bb4 h6
28. Ne4 Rc7 29. Bc3 Bf8 30. Kh1 Be7 31. Qg3 Bb7 32. f5 gxf5 33. Nf6 Qd8 34. Qh3
Qf8 35. Bd2 Bxf6 36. Bxh6 Bg7 37. Bg5+ Kg8 38. Qxd3 Be4 39. Qg3 Rc2 40. Rg1 Qc5
0-1

[Event "4NCL/Div2/BR2-SCS"]
[Site "Rd6-Birmingham"]
[Date "2000.01.23"]
[Round "6.2"]
[White "Bigg, Andrew"]
[Black "Easton, Alex"]
[Result "1/2-1/2"]
[WhiteElo "2163"]
[BlackElo "2165"]
[PlyCount "55"]
[EventDate "2000.01.23"]
[Source "Britbase"]
[SourceDate "2000.01.01"]

1. d4 Nf6 2. Nf3 g6 3. Nc3 d5 4. Bf4 Bg7 5. e3 Bg4 6. Be2 Nbd7 7. Ne5 Bxe2 8.
Qxe2 c6 9. O-O-O Qa5 10. g4 Nb6 11. f3 Nfd7 12. e4 Nxe5 13. dxe5 Nc4 14. exd5
Qb4 15. Rd4 Qxb2+ 16. Kd1 Qa1+ 17. Bc1 Nxe5 18. Qe3 Nxf3 19. Re4 Qxc3 20. Rxe7+
Kf8 21. Re8+ Rxe8 22. Ba3+ c5 23. Bxc5+ Qxc5 24. Qxc5+ Kg8 25. d6 h5 26. d7 Rd8
27. Qe7 Kh7 28. gxh5 1/2-1/2

[Event "4NCL/Div2/BR2-SCS"]
[Site "Rd6-Birmingham"]
[Date "2000.01.23"]
[Round "6.3"]
[White "Collier, David"]
[Black "Rattray, Ross"]
[Result "1-0"]
[WhiteElo "2215"]
[BlackElo "2109"]
[PlyCount "101"]
[EventDate "2000.01.23"]
[Source "Britbase"]
[SourceDate "2000.01.01"]

1. d4 d5 2. Bg5 Nd7 3. c4 c6 4. cxd5 cxd5 5. Nc3 Ngf6 6. e3 e6 7. Bd3 a6 8. a4
Bd6 9. Nf3 h6 10. Bh4 b6 11. Qe2 g5 12. Bg3 Bxg3 13. hxg3 Bb7 14. Nxg5 Qe7 15.
Rc1 Qb4 16. Nf3 Ne4 17. O-O Ke7 18. Ne5 Nxe5 19. dxe5 Nc5 20. Bb1 Rac8 21. Qd2
a5 22. Qd4 Nb3 23. Qf4 Qxf4 24. gxf4 Nxc1 25. Rxc1 h5 26. Rd1 h4 27. Kh2 Bc6
28. f5 Rhd8 29. f6+ Kd7 30. Rd4 Kc7 31. Rxh4 Rh8 32. g3 Rcg8 33. Kh3 Rxh4+ 34.
gxh4 Rg1 35. Bd3 Ra1 36. Bb5 Bxb5 37. Nxb5+ Kd7 38. Nd6 Rxa4 39. Nxf7 Ke8 40.
Ng5 Ra1 41. Nxe6 a4 42. Nc7+ Kf7 43. Kg4 Rc1 44. Nxd5 Rc5 45. e4 Rc2 46. f4
Rxb2 47. Kf5 Rc2 48. e6+ Kf8 49. Nxb6 a3 50. Nd7+ Kg8 51. f7+ 1-0

[Event "4NCL/Div2/BR2-SCS"]
[Site "Rd6-Birmingham"]
[Date "2000.01.23"]
[Round "6.4"]
[White "Deva, Chetan"]
[Black "Bibby, Simon"]
[Result "1/2-1/2"]
[WhiteElo "2098"]
[BlackElo "2210"]
[PlyCount "50"]
[EventDate "2000.01.23"]
[Source "Britbase"]
[SourceDate "2000.01.01"]

1. c4 e5 2. Nc3 Bb4 3. g3 Nf6 4. Bg2 O-O 5. e3 Bxc3 6. bxc3 Nc6 7. Ne2 e4 8.
Qc2 Re8 9. O-O d6 10. f3 exf3 11. Bxf3 Bh3 12. Bg2 Bxg2 13. Kxg2 d5 14. c5 Qe7
15. Ba3 Ne5 16. Nd4 Nc4 17. Bc1 Qxc5 18. Nf5 g6 19. d3 gxf5 20. dxc4 Qxc4 21.
Rxf5 Qc6 22. Kg1 Ne4 23. Bb2 Qh6 24. Qe2 Rad8 25. Raf1 Rd7 1/2-1/2

[Event "4NCL/Div2/BR2-SCS"]
[Site "Rd6-Birmingham"]
[Date "2000.01.23"]
[Round "6.5"]
[White "Jakubovics, Nick"]
[Black "Clark, Stephen"]
[Result "1/2-1/2"]
[WhiteElo "2238"]
[BlackElo "2132"]
[PlyCount "89"]
[EventDate "2000.01.23"]
[Source "Britbase"]
[SourceDate "2000.01.01"]

1. e4 d5 2. exd5 Nf6 3. d4 Bg4 4. f3 Bf5 5. Bb5+ Nbd7 6. Nc3 a6 7. Ba4 b5 8.
Bb3 Nb6 9. Nge2 Nbxd5 10. Nxd5 Nxd5 11. Ng3 Bg6 12. a4 e6 13. Qe2 Rb8 14. axb5
axb5 15. f4 Bb4+ 16. Kf2 O-O 17. Rf1 Qf6 18. Kg1 Qxd4+ 19. Kh1 Bd6 20. Rd1 Qf6
21. Bxd5 exd5 22. Rxd5 Rbe8 23. Qf2 Qe6 24. Rd1 Bf5 25. Nxf5 Qxf5 26. Be3 Re4
27. Rd3 Rfe8 28. Rf1 g6 29. Qf3 Bc5 30. Bxc5 Qxc5 31. Rc3 Qe7 32. f5 Re1 33.
fxg6 Rxf1+ 34. Qxf1 hxg6 35. Kg1 Qh4 36. g3 Qd4+ 37. Kg2 Qd2+ 38. Kh3 Qh6+ 39.
Kg2 Qd2+ 40. Kh3 Kg7 41. Rxc7 Rh8+ 42. Kg4 Qd4+ 43. Qf4 Qd1+ 44. Qf3 Qd4+ 45.
Qf4 1/2-1/2

[Event "4NCL/Div2/BR2-SCS"]
[Site "Rd6-Birmingham"]
[Date "2000.01.23"]
[Round "6.6"]
[White "Noakes, Matthew"]
[Black "Dilleigh, Stephen"]
[Result "0-1"]
[WhiteElo "2056"]
[BlackElo "2186"]
[PlyCount "102"]
[EventDate "2000.01.23"]
[Source "Britbase"]
[SourceDate "2000.01.01"]

1. d4 d5 2. c4 dxc4 3. e4 e5 4. Nf3 exd4 5. Qxd4 Qxd4 6. Nxd4 Bb4+ 7. Bd2 Bxd2+
8. Kxd2 Nf6 9. Nc3 O-O 10. Ndb5 Na6 11. Na3 Rd8+ 12. Ke1 Nc5 13. e5 Ng4 14.
Nxc4 Bf5 15. h3 Nd3+ 16. Bxd3 Bxd3 17. hxg4 Bxc4 18. b3 Ba6 19. Rd1 Re8 20. f4
f6 21. Rd7 c6 22. Ne4 fxe5 23. f5 Rad8 24. Rxd8 Rxd8 25. Nc5 Rd4 26. g5 Rg4 27.
Ne6 Rxg2 28. Rh3 Rg1+ 29. Kd2 Rf1 30. g6 hxg6 31. Rg3 Rxf5 32. Nc5 Rf2+ 33. Ke3
Re2+ 34. Kf3 Rc2 35. Ne4 Be2+ 36. Ke3 Bh5 37. Rg5 Rxa2 38. Rxe5 Kf8 39. Kd3 Ra1
40. Kc4 Rd1 41. Ng5 Bg4 42. b4 Rd5 43. Rxd5 cxd5+ 44. Kxd5 Ke7 45. Kc5 Bf5 46.
Nf3 Ke6 47. Nd4+ Ke5 48. Nb5 g5 49. Nxa7 g4 50. Nb5 g3 51. Nc3 Bg4 0-1

[Event "4NCL/Div2/BR2-SCS"]
[Site "Rd6-Birmingham"]
[Date "2000.01.23"]
[Round "6.7"]
[White "Tidman, Sophie"]
[Black "Cooley, Oliver"]
[Result "0-1"]
[WhiteElo "2072"]
[BlackElo "1896"]
[PlyCount "58"]
[EventDate "2000.01.23"]
[Source "Britbase"]
[SourceDate "2000.01.01"]

1. e4 d5 2. exd5 Qxd5 3. Nc3 Qa5 4. d4 Nf6 5. Bc4 Bf5 6. Nge2 e6 7. Bd2 c6 8.
O-O Qc7 9. Ng3 Bg6 10. Nce2 Bd6 11. f4 Nbd7 12. Bb3 c5 13. f5 exf5 14. Bf4 Bxf4
15. Nxf4 O-O 16. d5 c4 17. Ba4 b5 18. h4 h6 19. Kh1 bxa4 20. d6 Qc5 21. c3 Nb6
22. b4 cxb3 23. axb3 Qxc3 24. Rf3 Qb4 25. bxa4 Rad8 26. Rb1 Rxd6 27. Qf1 Qxa4
28. Nxg6 fxg6 29. h5 Qh4+ 0-1

[Event "4NCL/Div2/BR2-SCS"]
[Site "Rd6-Birmingham"]
[Date "2000.01.23"]
[Round "6.8"]
[White "Partington, Anna"]
[Black "Humphreys, Jerry"]
[Result "0-1"]
[WhiteElo "1496"]
[BlackElo "2125"]
[PlyCount "150"]
[EventDate "2000.01.23"]
[Source "Britbase"]
[SourceDate "2000.01.01"]

1. e4 c5 2. c3 Nf6 3. e5 Nd5 4. d4 cxd4 5. Nf3 Nc6 6. Bc4 Nb6 7. Bb3 d6 8. cxd4
e6 9. O-O Be7 10. Nc3 O-O 11. Bf4 Kh8 12. Ne4 d5 13. Nc3 f5 14. Qd2 Bd7 15. a3
Rc8 16. Ne2 Rg8 17. Bg5 Bxg5 18. Qxg5 h6 19. Qxd8 Rgxd8 20. Rac1 Na5 21. Nd2
Kg8 22. Nf4 Kf7 23. h3 Bb5 24. Rfe1 Rxc1 25. Rxc1 Rc8 26. Rxc8 Nxc8 27. Bd1 Ne7
28. a4 Bd7 29. b3 Nac6 30. Nf3 b6 31. Kf1 Bc8 32. g4 Ba6+ 33. Be2 Bxe2+ 34.
Nxe2 Nb4 35. Nc3 a6 36. Ke2 fxg4 37. hxg4 Nec6 38. Ke3 Na5 39. Nd2 Kg6 40. f4
Nc2+ 41. Kd3 Nb4+ 42. Ke3 h5 43. gxh5+ Kxh5 44. Ne2 Kg4 45. Kf2 Nc2 46. Nf3
Nxb3 47. Ng5 Nbxd4 48. Nxd4 Nxd4 49. Ke3 Nf5+ 50. Kd3 Kxf4 51. Nxe6+ Kxe5 52.
Nc7 g5 53. Nxa6 Nd6 54. Nb4 Nc4 55. Nc6+ Kd6 56. Nb4 g4 57. Kd4 g3 58. Nxd5 g2
59. Kxc4 g1=Q 60. Nc3 Qg4+ 61. Kb5 Qf5+ 62. Kb4 Qa5+ 63. Kb3 Kc5 64. Nb5 Qb4+
65. Ka2 Qxa4+ 66. Na3 b5 67. Kb2 Qb4+ 68. Ka2 Qd2+ 69. Kb3 Qd3+ 70. Ka2 b4 71.
Nb1 Qc2+ 72. Ka1 b3 73. Nc3 Qxc3+ 74. Kb1 Qc2+ 75. Ka1 Qa2# 0-1

[Event "4NCL/Div2/GUI2-TWR"]
[Site "Rd6-Birmingham"]
[Date "2000.01.23"]
[Round "6.1"]
[White "Granat, Russell"]
[Black "Waters, Clive"]
[Result "1/2-1/2"]
[WhiteElo "2235"]
[BlackElo "2180"]
[PlyCount "124"]
[EventDate "2000.01.23"]
[Source "Britbase"]
[SourceDate "2000.01.01"]

1. e4 e5 2. Nf3 Nf6 3. Nc3 d6 4. d4 Nbd7 5. dxe5 dxe5 6. Bc4 Bb4 7. O-O O-O 8.
Nd5 Nxd5 9. Bxd5 Be7 10. c3 c6 11. Bb3 Qc7 12. Bg5 Nc5 13. Bc2 f6 14. Be3 Be6
15. b4 Rfd8 16. Qe2 Nd7 17. Nd2 c5 18. Bb3 Bxb3 19. Nxb3 c4 20. Nc5 Bxc5 21.
Qxc4+ Kh8 22. bxc5 b6 23. Qf7 Qc6 24. cxb6 Nxb6 25. Bxb6 axb6 26. Rab1 h6 27.
h3 Rd2 28. a3 Rad8 29. Rb4 Qxc3 30. Rb3 Qc5 31. Rg3 Qf8 32. Qb3 Qd6 33. Kh2 Kh7
34. Qf7 Qf8 35. Qg6+ Kh8 36. Rc1 R2d3 37. Rxd3 Rxd3 38. Rc7 Rxa3 39. Rf7 Qg8
40. Rxf6 Ra2 41. Rf5 b5 42. g4 Ra8 43. g5 Qh7 44. Qc6 Rb8 45. Qc7 Re8 46. Qb6
hxg5 47. Qxb5 Qh5 48. Kg2 Kh7 49. Rxe5 Rxe5 50. Qxe5 Qh6 51. Qf5+ Kg8 52. e5
Qc6+ 53. Kg3 Qc1 54. Kg4 Qc6 55. Kxg5 Qc1+ 56. f4 Qg1+ 57. Qg4 Qc5 58. Qe6+ Kh7
59. Qf5+ Kh8 60. Kg6 Qg1+ 61. Qg4 Qb6+ 62. e6 Qxe6+ 1/2-1/2

[Event "4NCL/Div2/GUI2-TWR"]
[Site "Rd6-Birmingham"]
[Date "2000.01.23"]
[Round "6.2"]
[White "Barrett, Stephen"]
[Black "Richardson, Keith"]
[Result "1/2-1/2"]
[WhiteElo "2234"]
[BlackElo "2216"]
[PlyCount "171"]
[EventDate "2000.01.23"]
[Source "Britbase"]
[SourceDate "2000.01.01"]

1. d4 Nf6 2. c4 g6 3. Nc3 Bg7 4. e4 d6 5. f4 O-O 6. Nf3 Na6 7. e5 Nd7 8. Be2 c5
9. O-O cxd4 10. Nxd4 dxe5 11. fxe5 Nxe5 12. Be3 Nb4 13. Qb3 Ng4 14. Bxg4 Bxd4
15. Bxd4 Qxd4+ 16. Kh1 Bxg4 17. Qxb4 Be6 18. Qxe7 Qxc4 19. Rae1 Bd5 20. Qg5 Bc6
21. Rf4 Rae8 22. Rd1 Qe6 23. Qh4 Qe7 24. Qg3 Qe3 25. Qxe3 Rxe3 26. Kg1 Rfe8 27.
Kf2 f5 28. Rd2 Kg7 29. Rfd4 R3e6 30. Nd5 Bxd5 31. Rxd5 Kf6 32. Rd7 R8e7 33. Rd8
g5 34. g3 a6 35. b3 g4 36. Rf8+ Rf7 37. Rg8 Rg7 38. Rf8+ Rf7 39. Rg8 Rc7 40.
Rf8+ Kg5 41. Kg2 Rce7 42. Rf2 Rf6 43. Rg8+ Kh5 44. h3 gxh3+ 45. Kxh3 Ref7 46.
Re8 Kg5 47. Re5 Kg6 48. Rf4 Rc6 49. Rf2 Rc3 50. Kg2 Kg5 51. Rd5 h5 52. Rd8 Rc6
53. Kh3 Rff6 54. Rd5 Rc3 55. Kg2 Re3 56. Rc5 b5 57. Rd5 Re4 58. Kf3 Rfe6 59.
Kg2 R4e5 60. Rd8 Re2 61. Rg8+ Kh6 62. Rh8+ Kg6 63. Rg8+ Kh7 64. Rg5 Rxf2+ 65.
Kxf2 Rc6 66. Rxh5+ Kg6 67. Rh2 Kg5 68. Kf3 Rc3+ 69. Kg2 a5 70. Kf2 a4 71. bxa4
bxa4 72. Rh8 Rc2+ 73. Kf3 Rxa2 74. Rg8+ Kf6 75. Rf8+ Ke5 76. Re8+ Kd4 77. Rd8+
Kc3 78. Rc8+ Kd2 79. Kf4 a3 80. Kxf5 Ra1 81. Ra8 a2 82. Kg6 Kc2 83. g4 Kb2 84.
g5 Rg1 85. Kf6 Rf1+ 86. Ke7 1/2-1/2

[Event "4NCL/Div2/GUI2-TWR"]
[Site "Rd6-Birmingham"]
[Date "2000.01.23"]
[Round "6.3"]
[White "James, Russell"]
[Black "Burnett, Jim"]
[Result "1/2-1/2"]
[WhiteElo "2204"]
[BlackElo "2215"]
[PlyCount "27"]
[EventDate "2000.01.23"]
[Source "Britbase"]
[SourceDate "2000.01.01"]

1. e4 d5 2. exd5 Qxd5 3. Nc3 Qa5 4. Nf3 Nf6 5. h3 Bf5 6. b4 Qb6 7. g4 Bg6 8.
Bg2 e6 9. Rb1 c6 10. O-O Qc7 11. b5 Be7 12. d3 O-O 13. Be3 Nd5 14. Nxd5 1/2-1/2

[Event "4NCL/Div2/GUI2-TWR"]
[Site "Rd6-Birmingham"]
[Date "2000.01.23"]
[Round "6.4"]
[White "Townsend, Paul"]
[Black "Anderton, Matthew"]
[Result "1-0"]
[WhiteElo "2224"]
[BlackElo "2216"]
[PlyCount "101"]
[EventDate "2000.01.23"]
[Source "Britbase"]
[SourceDate "2000.01.01"]

1. d4 Nf6 2. c4 e6 3. g3 c5 4. Nf3 cxd4 5. Nxd4 Bb4+ 6. Nc3 O-O 7. Bg2 d5 8.
cxd5 Nxd5 9. Bd2 Bxc3 10. bxc3 e5 11. Nb3 Nc6 12. O-O Nb6 13. Be3 Qc7 14. Qc2
Nc4 15. Bc5 Rd8 16. f4 N6a5 17. Bf2 exf4 18. gxf4 Bd7 19. Bd4 Bc6 20. e4 Ba4
21. Rf3 Nc6 22. Qf2 Nd6 23. Rh3 Qe7 24. Qf3 f5 25. e5 Ne4 26. Qe3 Nxd4 27. Nxd4
Bd7 28. Bxe4 fxe4 29. Rg3 Qc5 30. Rxg7+ Kh8 31. Rg5 Rg8 32. Rg3 Rac8 33. Rc1
Bb5 34. Qxe4 Bc6 35. Qf5 Rcf8 36. Rxg8+ Rxg8+ 37. Kf2 Rg2+ 38. Ke3 Qd5 39. Qf6+
Kg8 40. Qe6+ Qxe6 41. Nxe6 Rxh2 42. Rg1+ Rg2 43. Rxg2+ Bxg2 44. Ng5 Bd5 45. a3
h6 46. Nf3 Kf7 47. f5 Ke7 48. Kf4 Kf7 49. Nd4 Ba2 50. Nb5 Ke7 51. Nxa7 1-0

[Event "4NCL/Div2/GUI2-TWR"]
[Site "Rd6-Birmingham"]
[Date "2000.01.23"]
[Round "6.5"]
[White "Sharp, Peter"]
[Black "Jones, Gawain"]
[Result "0-1"]
[WhiteElo "2144"]
[BlackElo "2160"]
[PlyCount "66"]
[EventDate "2000.01.23"]
[Source "Britbase"]
[SourceDate "2000.01.01"]

1. d4 Nf6 2. c4 c5 3. Nf3 cxd4 4. Nxd4 e5 5. Nf3 Nc6 6. Nc3 Bb4 7. Bd2 O-O 8.
Nd5 Bc5 9. Nxf6+ Qxf6 10. e3 d6 11. a3 a5 12. Bd3 Rd8 13. Bc3 Bg4 14. h3 Bxf3
15. gxf3 Qh4 16. Qe2 Rf8 17. O-O-O Rfc8 18. Rhg1 b5 19. Rg4 Qh6 20. cxb5 Nd4
21. Bxd4 exd4 22. Kb1 dxe3 23. fxe3 Bxe3 24. Re4 Bc5 25. Re7 d5 26. Rd7 Rd8 27.
Rb7 Re8 28. Qh2 Rac8 29. Bf5 Rcd8 30. Bc2 Qf6 31. Qd2 Qxf3 32. Qxa5 d4 33. Rd3
Qxb7 0-1

[Event "4NCL/Div2/GUI2-TWR"]
[Site "Rd6-Birmingham"]
[Date "2000.01.23"]
[Round "6.6"]
[White "Keeling, Geoff"]
[Black "Norman, Ken"]
[Result "0-1"]
[WhiteElo "2075"]
[BlackElo "2165"]
[PlyCount "74"]
[EventDate "2000.01.23"]
[Source "Britbase"]
[SourceDate "2000.01.01"]

1. e4 e5 2. Nf3 Nc6 3. d4 exd4 4. Nxd4 Bc5 5. Nb3 Bb6 6. a4 a6 7. Bd3 d6 8. O-O
Nge7 9. Bg5 f6 10. Bd2 O-O 11. Nc3 Be6 12. Qe2 Qd7 13. Be3 Bxe3 14. Qxe3 f5 15.
f3 f4 16. Qf2 Rf6 17. Rae1 Raf8 18. Nd4 Nxd4 19. Qxd4 Nc6 20. Qf2 Qf7 21. b3
Qh5 22. Bc4 Bxc4 23. bxc4 Ne5 24. Qd4 c6 25. Ra1 Rg6 26. Kh1 Qg5 27. Rf2 Rf7
28. Rd1 Nd7 29. Rb1 Nc5 30. Re1 Re7 31. Rd1 Re5 32. Qd2 Qh4 33. Rdf1 Rh5 34. h3
Qg3 35. Qe2 Ne6 36. Qd2 Rxh3+ 37. gxh3 Qxh3+ 0-1

[Event "4NCL/Div2/GUI2-TWR"]
[Site "Rd6-Birmingham"]
[Date "2000.01.23"]
[Round "6.7"]
[White "Noyce, Robert"]
[Black "Mitchell, Gareth"]
[Result "1-0"]
[WhiteElo "2177"]
[BlackElo "1568"]
[PlyCount "93"]
[EventDate "2000.01.23"]
[Source "Britbase"]
[SourceDate "2000.01.01"]

1. e4 c5 2. Nc3 Nc6 3. f4 g6 4. Nf3 Bg7 5. Bb5 Nd4 6. Bd3 d6 7. Nxd4 cxd4 8.
Ne2 e5 9. c3 dxc3 10. bxc3 Ne7 11. O-O exf4 12. Nxf4 O-O 13. Ba3 f5 14. Qb3+
Kh8 15. Ne6 Bxe6 16. Qxe6 Rf6 17. Qb3 b6 18. exf5 Nxf5 19. Bxf5 gxf5 20. Qd5
Qf8 21. Rae1 Rd8 22. Re2 Qf7 23. Qxf7 Rxf7 24. Ref2 Bh6 25. h3 Rg7 26. c4 Rc7
27. Bb2+ Kg8 28. Rxf5 Rxc4 29. R1f3 Rc7 30. Rg3+ Bg7 31. Rfg5 Rdd7 32. Kf2 Kf8
33. Bxg7+ Rxg7 34. Rxg7 Rxg7 35. Rxg7 Kxg7 36. Ke3 Kf6 37. Kd4 Ke6 38. Ke4 b5
39. Kd4 a6 40. g3 d5 41. g4 b4 42. Kc5 Ke5 43. Kxb4 Kd4 44. g5 Kd3 45. Kc5 a5
46. Kxd5 a4 47. Kc5 1-0

[Event "4NCL/Div2/GUI2-TWR"]
[Site "Rd6-Birmingham"]
[Date "2000.01.23"]
[Round "6.8"]
[White "Barnes, Lara"]
[Black "Broomfield, Lucy"]
[Result "0-1"]
[WhiteElo "1640"]
[BlackElo "1680"]
[PlyCount "62"]
[EventDate "2000.01.23"]
[Source "Britbase"]
[SourceDate "2000.01.01"]

1. e4 e6 2. d4 d5 3. exd5 exd5 4. Bd3 Nf6 5. Nf3 Bd6 6. O-O O-O 7. Re1 Bg4 8.
Nbd2 c6 9. Nf1 Qc7 10. Bg5 Nbd7 11. h3 Bh5 12. c3 Rae8 13. Ne3 Ne4 14. Bh4 f5
15. Be2 f4 16. Ng4 h6 17. Qd3 Bxg4 18. hxg4 g5 19. Bxg5 hxg5 20. Nxg5 Ndf6 21.
Nh3 Qg7 22. f3 Ng5 23. Nf2 Re3 24. Qc2 Qh6 25. Qb3 Rfe8 26. Kf1 R8e7 27. Bd3
Qh2 28. Rxe3 fxe3 29. Ne4 Nfxe4 30. Bxe4 Nxe4 31. fxe4 Qh1+ 0-1